[Event "Düsseldorfer SK 2 - SF Lieme 1"]
[Site "NRW-Liga - Gruppe 1 2021/2022"]
[Date "2021.12.12"]
[Round "3.1"]
[White "Schuh, Dirk"]
[Black "von Buenau, Heinrich"]
[Result "1-0"]
[WhiteElo "2321"]
[BlackElo "2129"]
[PlyCount "139"]
[EventDate "2021.??.??"]
[SourceVersionDate "2020.03.16"]
[WhiteTeam "SF Lieme 1"]
[BlackTeam "Düsseldorfer SK 2"]

1. e4 c6 2. c4 d5 3. exd5 cxd5 4. cxd5 Nf6 5. Nc3 Nxd5 6. Nf3 Nc6 7. Bb5 e6 8.
O-O Be7 9. d4 O-O 10. Re1 a6 11. Bd3 Nf6 12. a3 Bd7 13. Bc2 Re8 14. Qd3 g6 15.
Bh6 Rc8 16. Rad1 Qa5 17. Bb3 Red8 18. d5 exd5 19. Nxd5 Nxd5 20. Qxd5 Qxd5 21.
Bxd5 Bf6 22. Ng5 Bxg5 23. Bxg5 Rf8 24. Bh6 Rfd8 25. Bg5 Rf8 26. Ba2 Bf5 27. f3
h5 28. h3 Rfe8 29. g4 Rxe1+ 30. Rxe1 Bd7 31. Bf6 Re8 32. Rxe8+ Bxe8 33. Kf2 Kf8
34. Ke3 Ne7 35. Kd4 Bc6 36. f4 hxg4 37. hxg4 Ng8 38. g5 Ne7 39. Kc5 Ke8 40. Kd6
Nf5+ 41. Kc5 Ne7 42. Bc4 Bf3 43. a4 Nc8 44. b4 b6+ 45. Kd4 Bb7 46. a5 Nd6 47.
Bb3 Nb5+ 48. Ke5 bxa5 49. bxa5 Nc7 50. Kd6 Ne6 51. Ba4+ Kf8 52. Be5 Be4 53. Bd7
Bb7 54. Ba4 Be4 55. Bc3 Nxf4 56. Ke5 Nd5 57. Bd2 Bg2 58. Kd6 Ne7 59. Bb4 Nf5+
60. Kc7+ Kg8 61. Kb6 Bf1 62. Bc5 f6 63. Bc6 fxg5 64. Bb7 Kf7 65. Bxa6 Bg2 66.
Bc4+ Kf6 67. a6 Ke5 68. a7 Nd4 69. Bxd4+ Kxd4 70. Ba6 1-0

[Event "Düsseldorfer SK 2 - SF Lieme 1"]
[Site "NRW-Liga - Gruppe 1 2021/2022"]
[Date "2021.12.12"]
[Round "3.2"]
[White "Mueller, Michael"]
[Black "Wittke, Rene"]
[Result "0-1"]
[WhiteElo "2118"]
[BlackElo "2273"]
[PlyCount "74"]
[EventDate "2021.??.??"]
[SourceVersionDate "2020.03.16"]
[WhiteTeam "Düsseldorfer SK 2"]
[BlackTeam "SF Lieme 1"]

1. e4 c5 2. Nf3 Nc6 3. Nc3 d6 4. d4 cxd4 5. Nxd4 Nf6 6. Be2 g6 7. Nb3 Bg7 8.
O-O O-O 9. Re1 a6 10. Bf1 b5 11. Bg5 h6 12. Bh4 Re8 13. a4 b4 14. Nd5 Nxd5 15.
exd5 Ne5 16. a5 Qc7 17. f3 Nc4 18. Bxc4 Qxc4 19. Re4 Qb5 20. Be1 Bb7 21. Rxb4
Qxd5 22. c4 Qc6 23. Rb6 Qc7 24. Qe2 Bc8 25. Bf2 Be6 26. Ra4 Rec8 27. Nd2 d5 28.
c5 d4 29. b4 d3 30. Qe3 Rd8 31. Ra3 Bd4 32. Qxh6 Qe5 33. Bxd4 Rxd4 34. Ra1 Rd5
35. Rf1 Qd4+ 36. Kh1 Rh5 37. Nb3 Qe5 0-1

[Event "Düsseldorfer SK 2 - SF Lieme 1"]
[Site "NRW-Liga - Gruppe 1 2021/2022"]
[Date "2021.12.12"]
[Round "3.3"]
[White "Niermann, Tristan"]
[Black "Berndt, Axel"]
[Result "1-0"]
[WhiteElo "2215"]
[BlackElo "2082"]
[Annotator "daniel"]
[PlyCount "59"]
[EventDate "2021.??.??"]
[SourceVersionDate "2020.03.16"]
[WhiteTeam "SF Lieme 1"]
[BlackTeam "Düsseldorfer SK 2"]

1. d4 Nf6 2. c4 c5 3. d5 b5 4. cxb5 a6 5. bxa6 g6 6. Nc3 Bxa6 7. e4 Bxf1 8.
Kxf1 d6 9. Nf3 Bg7 10. g3 Nbd7 11. Kg2 O-O 12. a4 Ng4 13. Qe2 Qb6 14. Nd2 Ngf6
15. Nc4 Qb7 16. Ra3 Rfb8 17. Bd2 Nb6 18. b3 Nfd7 19. Rha1 Qa6 20. a5 Nxc4 21.
bxc4 Ne5 22. Ra4 Rb4 23. Nb5 Rxa4 24. Rxa4 Rb8 $11 25. Ra3 Nxc4 26. Qxc4 Qxb5
27. Qxb5 Rxb5 28. a6 Rb8 29. a7 Ra8 30. Rb3 1-0

[Event "Düsseldorfer SK 2 - SF Lieme 1"]
[Site "NRW-Liga - Gruppe 1 2021/2022"]
[Date "2021.12.12"]
[Round "3.4"]
[White "Zimmermann, Rolf"]
[Black "Himpenmacher, Andy"]
[Result "0-1"]
[WhiteElo "2100"]
[BlackElo "2177"]
[PlyCount "116"]
[EventDate "2021.??.??"]
[SourceVersionDate "2020.03.16"]
[WhiteTeam "Düsseldorfer SK 2"]
[BlackTeam "SF Lieme 1"]

1. c4 e6 2. d4 Nf6 3. Nc3 Bb4 4. Bd2 O-O 5. e3 d5 6. a3 Bxc3 7. Bxc3 Ne4 8. Nf3
Nxc3 9. bxc3 c5 10. Be2 dxc4 11. Bxc4 Qc7 12. Be2 Rd8 13. O-O Nc6 14. Qa4 Bd7
15. dxc5 Na5 16. Qb4 Rac8 17. Rfd1 Qxc5 18. Rd6 Qc7 19. Rad1 Be8 20. Rxd8 Rxd8
21. Rxd8 Qxd8 22. Qd4 Nc6 23. Qxd8 Nxd8 24. Kf1 Kf8 25. Bd3 Ke7 26. Nd2 h6 27.
Ke2 Kd6 28. f4 Nc6 29. e4 f6 30. Bb5 Bh5+ 31. Ke3 Na5 32. Nc4+ Nxc4+ 33. Bxc4
e5 34. fxe5+ Kxe5 35. Bd5 b6 36. Bb7 Be8 37. Ba6 Bc6 38. Bd3 f5 39. g3 Bxe4 40.
Bc4 g5 41. Bb3 f4+ 42. gxf4+ gxf4+ 43. Ke2 Kd6 44. Kd2 Kc5 45. Bf7 Bd5 46. Bg6
Kc4 47. Kc2 f3 48. Bd3+ Kc5 49. Kd2 Bc4 50. h4 f2 51. Bxc4 Kxc4 52. Ke2 Kxc3
53. Kxf2 b5 54. Kf3 Kb3 55. Kg4 Kxa3 56. Kh5 b4 57. Kxh6 b3 58. Kg5 b2 0-1

[Event "Düsseldorfer SK 2 - SF Lieme 1"]
[Site "NRW-Liga - Gruppe 1 2021/2022"]
[Date "2021.12.12"]
[Round "3.5"]
[White "Bentel, Robin"]
[Black "Partenheimer, Axel"]
[Result "1-0"]
[WhiteElo "2142"]
[BlackElo "2071"]
[PlyCount "55"]
[EventDate "2021.??.??"]
[SourceVersionDate "2020.03.16"]
[WhiteTeam "SF Lieme 1"]
[BlackTeam "Düsseldorfer SK 2"]

1. d4 d5 2. c4 c6 3. Nc3 Nf6 4. e3 g6 5. Nf3 Bg7 6. Be2 O-O 7. O-O b6 8. b3 Bb7
9. Ba3 Re8 10. Rc1 e6 11. Ne5 Nfd7 12. f4 f6 13. Nxd7 Nxd7 14. e4 dxc4 15. bxc4
e5 16. dxe5 fxe5 17. f5 Nf6 18. Qe1 c5 19. Rd1 Qe7 20. Nd5 Bxd5 21. exd5 gxf5
22. Rxf5 Ne4 23. Bc1 Nd6 24. Rh5 Rf8 25. Bg4 Rae8 26. Be6+ Kh8 27. Rd3 e4 28.
Rxh7+ 1-0

[Event "Düsseldorfer SK 2 - SF Lieme 1"]
[Site "NRW-Liga - Gruppe 1 2021/2022"]
[Date "2021.12.12"]
[Round "3.6"]
[White "Heller, Harald"]
[Black "Wolf, Andre"]
[Result "1/2-1/2"]
[WhiteElo "1960"]
[BlackElo "2104"]
[PlyCount "56"]
[EventDate "2021.??.??"]
[SourceVersionDate "2020.03.16"]
[WhiteTeam "Düsseldorfer SK 2"]
[BlackTeam "SF Lieme 1"]

1. d4 d5 2. Nf3 Nf6 3. e3 e6 4. Bd3 b6 5. O-O Ba6 6. Bxa6 Nxa6 7. c4 Nb8 8. Ne5
c6 9. Nc3 Be7 10. b3 O-O 11. Bb2 Nfd7 12. f4 f5 13. Rc1 a6 14. cxd5 cxd5 15.
Qe2 Nxe5 16. dxe5 Nd7 17. Rfd1 b5 18. Qf3 Kh8 19. Nxd5 exd5 20. Qxd5 Ra7 21.
Bd4 Rc7 22. e6 Rxc1 23. Rxc1 Nf6 24. Qxf5 Nd5 25. Qg4 Bf6 26. Bc5 Be7 27. Bd4
Bf6 28. Bc5 Be7 1/2-1/2

[Event "Düsseldorfer SK 2 - SF Lieme 1"]
[Site "NRW-Liga - Gruppe 1 2021/2022"]
[Date "2021.12.12"]
[Round "3.7"]
[White "Krallmann, Matthias"]
[Black "Toel, Karl-Ludwig"]
[Result "1-0"]
[WhiteElo "2115"]
[BlackElo "1880"]
[PlyCount "71"]
[EventDate "2021.??.??"]
[SourceVersionDate "2020.03.16"]
[WhiteTeam "SF Lieme 1"]
[BlackTeam "Düsseldorfer SK 2"]

1. d4 d5 2. c4 e5 3. dxe5 d4 4. Nf3 Nc6 5. a3 a5 6. Nbd2 Nge7 7. Nb3 Nf5 8. e3
dxe3 9. Qxd8+ Kxd8 10. fxe3 a4 11. Nbd4 Bc5 12. Bd3 Nfxd4 13. exd4 Nxd4 14.
Bg5+ Ke8 15. O-O-O h6 16. Bh4 Be6 17. Rhe1 g5 18. Bg3 Rd8 19. Nxd4 Bxd4 20. Bc2
Bxc4 21. e6 fxe6 22. Rxd4 Rxd4 23. Be5 Rg4 24. Bxh8 Rxg2 25. Be5 c6 26. Bxa4
Bd5 27. Bc2 Ke7 28. Bg6 Rf2 29. Bg3 Rg2 30. Rf1 b5 31. Rf7+ Ke8 32. Rh7+ Kf8
33. Bd6+ Kg8 34. Be5 Kf8 35. Bf6 e5 36. Re7 1-0

[Event "Düsseldorfer SK 2 - SF Lieme 1"]
[Site "NRW-Liga - Gruppe 1 2021/2022"]
[Date "2021.12.12"]
[Round "3.8"]
[White "Baumgarten, Nils"]
[Black "Schaffarczyk, Andre"]
[Result "0-1"]
[WhiteElo "1853"]
[BlackElo "2105"]
[PlyCount "48"]
[EventDate "2021.??.??"]
[SourceVersionDate "2020.03.16"]
[WhiteTeam "Düsseldorfer SK 2"]
[BlackTeam "SF Lieme 1"]

1. e4 c5 2. d4 cxd4 3. c3 Nf6 4. e5 Nd5 5. cxd4 Nc6 6. Nc3 Nxc3 7. bxc3 d5 8.
Bd3 e6 9. Nf3 Be7 10. O-O Bd7 11. Bd2 Rc8 12. Rb1 Na5 13. h4 Bxh4 14. g3 Be7
15. Kg2 Bc6 16. Rh1 h6 17. Qc1 Nc4 18. Bg5 Bxg5 19. Nxg5 Qe7 20. Qf4 hxg5 21.
Rxh8+ Kd7 22. Rxc8 gxf4 23. Rg8 f3+ 24. Kh2 Qg5 0-1

[Event "Elberfelder SG 1 - SVG Plettenberg 1"]
[Site "NRW-Liga - Gruppe 1 2021/2022"]
[Date "2021.12.12"]
[Round "3.1"]
[White "Haub, Thorsten Michael"]
[Black "Odendahl, Reiner"]
[Result "1/2-1/2"]
[WhiteElo "2412"]
[BlackElo "2279"]
[PlyCount "53"]
[EventDate "2021.??.??"]
[SourceVersionDate "2020.03.16"]
[WhiteTeam "SVG Plettenberg 1"]
[BlackTeam "Elberfelder SG 1"]

1. g3 c5 2. Bg2 Nc6 3. Nf3 g6 4. d3 Bg7 5. e4 Nf6 6. O-O O-O 7. c3 d6 8. Re1 e5
9. Nbd2 h6 10. a4 Be6 11. Nc4 Qc7 12. Nfd2 Rad8 13. Ne3 d5 14. c4 dxe4 15. dxe4
Nd4 16. Nd5 Qd7 17. Nb3 Bxd5 18. exd5 Qc7 19. Nxd4 cxd4 20. b3 Rfe8 21. Bb2 Nd7
22. h4 h5 23. a5 Bf8 24. Qd2 Nc5 25. Qd1 Nd7 26. Qd2 Nc5 27. Qd1 1/2-1/2

[Event "Elberfelder SG 1 - SVG Plettenberg 1"]
[Site "NRW-Liga - Gruppe 1 2021/2022"]
[Date "2021.12.12"]
[Round "3.3"]
[White "Schulze, Marc"]
[Black "Dresen, Ulrich"]
[Result "0-1"]
[WhiteElo "2231"]
[BlackElo "2175"]
[PlyCount "58"]
[EventDate "2021.??.??"]
[SourceVersionDate "2020.03.16"]
[WhiteTeam "SVG Plettenberg 1"]
[BlackTeam "Elberfelder SG 1"]

1. Nf3 d5 2. b3 Nf6 3. Bb2 g6 4. e3 Bg7 5. c4 c6 6. cxd5 cxd5 7. Bb5+ Bd7 8.
Bxd7+ Nbxd7 9. O-O O-O 10. Nc3 Qa5 11. a3 Rfc8 12. b4 Qd8 13. Qb3 e6 14. Rac1
Nb6 15. d3 a6 16. a4 Ne8 17. a5 Nd7 18. e4 dxe4 19. dxe4 Nd6 20. Rfd1 Qe7 21.
Na4 Rxc1 22. Rxc1 Bxb2 23. Qxb2 Nxe4 24. b5 axb5 25. Qxb5 Ndf6 26. Ne5 Rd8 27.
Nb6 Qd6 28. h3 Qd4 29. Rf1 Nc3 0-1

[Event "Elberfelder SG 1 - SVG Plettenberg 1"]
[Site "NRW-Liga - Gruppe 1 2021/2022"]
[Date "2021.12.12"]
[Round "3.4"]
[White "Volkov, Mykyta"]
[Black "Kuhnen, Thomas"]
[Result "1-0"]
[WhiteElo "2201"]
[BlackElo "1995"]
[PlyCount "65"]
[EventDate "2021.??.??"]
[SourceVersionDate "2020.03.16"]
[WhiteTeam "Elberfelder SG 1"]
[BlackTeam "SVG Plettenberg 1"]

1. d4 Nf6 2. c4 e6 3. Nc3 Bb4 4. Qc2 b6 5. e4 Bb7 6. Bd3 c5 7. d5 d6 8. Nge2
O-O 9. O-O Bxc3 10. Nxc3 a6 11. a4 Nbd7 12. f4 exd5 13. cxd5 Re8 14. b3 Rc8 15.
Bb2 b5 16. axb5 Qb6 17. Kh1 axb5 18. Bxb5 Re7 19. Bc4 Rce8 20. Rfe1 Nh5 21. Qf2
Nhf6 22. Qf3 Ra8 23. Rxa8+ Bxa8 24. Qd3 Ne8 25. Nd1 Qb8 26. Ne3 Nb6 27. Nf5 Ra7
28. e5 Nxc4 29. Qxc4 dxe5 30. Bxe5 Qc8 31. Bc3 Kf8 32. Rxe8+ Qxe8 33. Qxc5+ 1-0

[Event "Elberfelder SG 1 - SVG Plettenberg 1"]
[Site "NRW-Liga - Gruppe 1 2021/2022"]
[Date "2021.12.12"]
[Round "3.5"]
[White "Wichmann, Frank"]
[Black "Noetzel, Frank"]
[Result "1/2-1/2"]
[WhiteElo "1866"]
[BlackElo "2219"]
[PlyCount "46"]
[EventDate "2021.??.??"]
[SourceVersionDate "2020.03.16"]
[WhiteTeam "SVG Plettenberg 1"]
[BlackTeam "Elberfelder SG 1"]

1. d4 f5 2. c4 Nf6 3. Nc3 d6 4. Nf3 g6 5. g3 Bg7 6. Bg2 O-O 7. O-O Nc6 8. d5
Ne5 9. Nd2 c5 10. h3 a6 11. a4 Rb8 12. f4 Nf7 13. Kh2 Bd7 14. Qb3 b6 15. Re1
Re8 16. e4 fxe4 17. Ndxe4 Nxe4 18. Bxe4 Qc8 19. Bg2 Qb7 20. Bf1 Nh6 21. g4 Qc8
22. Qd1 Nf7 23. Qd3 Rb7 1/2-1/2

[Event "Elberfelder SG 1 - SVG Plettenberg 1"]
[Site "NRW-Liga - Gruppe 1 2021/2022"]
[Date "2021.12.12"]
[Round "3.6"]
[White "Kurr, Gerd"]
[Black "Kraemer, Roland"]
[Result "1-0"]
[WhiteElo "2124"]
[BlackElo "1767"]
[PlyCount "71"]
[EventDate "2021.??.??"]
[SourceVersionDate "2020.03.16"]
[WhiteTeam "Elberfelder SG 1"]
[BlackTeam "SVG Plettenberg 1"]

1. d4 Nf6 2. Nf3 g6 3. c4 Bg7 4. Nc3 O-O 5. e4 d6 6. Be2 e5 7. dxe5 dxe5 8.
Qxd8 Rxd8 9. Nd5 Nxd5 10. cxd5 c6 11. Bc4 cxd5 12. Bxd5 Nc6 13. Bg5 Re8 14.
O-O-O Bg4 15. Kb1 Bxf3 16. gxf3 Nd4 17. Rc1 Nxf3 18. Be3 Rac8 19. Bxb7 Rxc1+
20. Rxc1 Nxh2 21. Bd5 h5 22. Rc7 Kh7 23. Bxf7 Rd8 24. Kc2 Nf3 25. Rc6 Ne1+ 26.
Kc3 h4 27. Bxg6+ Kh8 28. Bg5 Rd3+ 29. Kc4 Rd4+ 30. Kb5 Bf8 31. Bf6+ Kg8 32. Rc7
Bd6 33. Rc8+ Bf8 34. Bf5 Rb4+ 35. Ka5 Rb6 36. Be7 1-0

[Event "Elberfelder SG 1 - SVG Plettenberg 1"]
[Site "NRW-Liga - Gruppe 1 2021/2022"]
[Date "2021.12.12"]
[Round "3.7"]
[White "Skapski, Miroslaw"]
[Black "Boos, Markus"]
[Result "0-1"]
[WhiteElo "1440"]
[BlackElo "2190"]
[PlyCount "26"]
[EventDate "2021.??.??"]
[SourceVersionDate "2020.03.16"]
[WhiteTeam "SVG Plettenberg 1"]
[BlackTeam "Elberfelder SG 1"]

1. d4 Nf6 2. c4 c5 3. Nf3 cxd4 4. Nxd4 e5 5. Nf3 e4 6. Nd4 d5 7. Nc3 dxc4 8.
Qa4+ Bd7 9. Qxc4 Nc6 10. Nxc6 Bxc6 11. Bg5 Be7 12. e3 Qa5 13. Be2 Qxg5 0-1

[Event "Elberfelder SG 1 - SVG Plettenberg 1"]
[Site "NRW-Liga - Gruppe 1 2021/2022"]
[Date "2021.12.12"]
[Round "3.8"]
[White "Tymura, Achim"]
[Black "Arnoldi, Ekkehard"]
[Result "1-0"]
[WhiteElo "2036"]
[BlackElo "1344"]
[PlyCount "87"]
[EventDate "2021.??.??"]
[SourceVersionDate "2020.03.16"]
[WhiteTeam "Elberfelder SG 1"]
[BlackTeam "SVG Plettenberg 1"]

1. c4 c5 2. Nc3 Nc6 3. Nf3 e5 4. d3 h6 5. g3 Nf6 6. Bg2 Be7 7. O-O O-O 8. Nd5
Nxd5 9. cxd5 Nd4 10. Nxe5 d6 11. Nf3 Nxf3+ 12. Bxf3 Bh3 13. Bg2 Bd7 14. d4 c4
15. Bd2 a5 16. a4 b5 17. axb5 Bxb5 18. Bc3 a4 19. e4 f6 20. Bh3 Kh8 21. Qh5 Be8
22. Qe2 Bb5 23. Be6 Qc7 24. Qg4 Be8 25. Rfc1 h5 26. Qe2 g6 27. Bd2 Bb5 28. Qe3
g5 29. Qe2 Kg7 30. Qxh5 Be8 31. Qe2 Bb5 32. f4 Rab8 33. Bc3 Rh8 34. Rf1 Rh6 35.
fxg5 Rg6 36. Rf5 Rxg5 37. Raf1 Rxf5 38. Rxf5 Be8 39. Rf4 Bf7 40. Bxf7 Kxf7 41.
Qh5+ Kf8 42. Rg4 f5 43. Qh8+ Kf7 44. Rg7+ 1-0

[Event "SF Essen-Werden 1 - Kölner SK Dr. Lask"]
[Site "NRW-Liga - Gruppe 1 2021/2022"]
[Date "2022.01.30"]
[Round "5.1"]
[White "Paris, Michael"]
[Black "Kaufeld, Juergen"]
[Result "0-1"]
[WhiteElo "2214"]
[BlackElo "2271"]
[Annotator "daniel"]
[PlyCount "112"]
[EventDate "2022.??.??"]
[SourceVersionDate "2020.03.16"]
[WhiteTeam "Kölner SK Dr. Lasker 1"]
[BlackTeam "SF Essen-Werden 1"]

1. e4 c6 2. d4 d5 3. e5 c5 4. dxc5 e6 5. Be3 Nd7 6. Bb5 Qc7 7. Qd4 Ne7 8. b4
Nf5 9. Qc3 b6 10. Nf3 $11 Nxe3 11. Qxe3 bxc5 12. O-O cxb4 13. c4 dxc4 14. Ng5
Bc5 15. Qf3 O-O 16. Qe4 g6 17. Qh4 h5 18. Nd2 Qxe5 19. Nxc4 Bxf2+ 20. Rxf2
Qxa1+ 21. Rf1 Qg7 22. Nd6 Ne5 23. Qxb4 Rb8 24. Qc5 f6 25. Nge4 Bd7 26. Bxd7
Nxd7 27. Qxa7 f5 28. Nd2 Nb6 29. Qxg7+ Kxg7 30. Rc1 Rfd8 31. Rc6 Kf6 32. Nb3
Ke7 33. Nb5 Nd5 34. N3d4 Kf7 35. Nxe6 Rd7 36. Nc5 Re7 37. Nd6+ Kg7 38. Nc4 Rb1+
39. Kf2 Rc1 40. Nd2 Nb4 41. Ne6+ Kf6 42. Rxc1 Nd3+ 43. Kf3 Nxc1 44. Nf4 Rd7 45.
Nc4 Nd3 46. Nb6 Ne5+ 47. Ke2 Rb7 48. a4 h4 49. h3 g5 50. Nfd5+ Ke6 51. a5 Nd7
52. Kd3 Nxb6 53. Nxb6 Ra7 54. Nc4 Kd5 55. Ne3+ Ke5 56. Kc3 Kf4 0-1

[Event "SF Essen-Werden 1 - Kölner SK Dr. Lask"]
[Site "NRW-Liga - Gruppe 1 2021/2022"]
[Date "2022.01.30"]
[Round "5.2"]
[White "Kauch, Markus"]
[Black "Lindam, Ingo"]
[Result "1-0"]
[WhiteElo "2142"]
[BlackElo "2153"]
[PlyCount "69"]
[EventDate "2022.??.??"]
[SourceVersionDate "2020.03.16"]
[WhiteTeam "SF Essen-Werden 1"]
[BlackTeam "Kölner SK Dr. Lasker 1"]

1. Nf3 c5 2. g3 Nc6 3. c4 g6 4. Nc3 Bg7 5. Bg2 e6 6. O-O Nge7 7. a3 O-O 8. Rb1
d5 9. cxd5 exd5 10. d3 h6 11. Bd2 Bf5 12. Qc1 Kh7 13. Nxd5 Nxd5 14. e4 Be6 15.
exd5 Bxd5 16. Qxc5 Ba2 17. Ra1 Be6 18. Bc3 Qxd3 19. Bxg7 Kxg7 20. Rac1 Kh7 21.
Ne5 Qb3 22. Nxc6 bxc6 23. Bxc6 Rac8 24. Qc3 Qb6 25. b4 Rfd8 26. Qf3 Rd6 27. Be4
Rcd8 28. h4 f5 29. Bb1 Bd5 30. Qf4 Bb7 31. h5 Rf8 32. hxg6+ Rxg6 33. Rc7+ Kh8
34. Rd1 Qe6 35. Rxb7 1-0

[Event "SF Essen-Werden 1 - Kölner SK Dr. Lask"]
[Site "NRW-Liga - Gruppe 1 2021/2022"]
[Date "2022.01.30"]
[Round "5.3"]
[White "Nagel, Bernhard"]
[Black "ter Steeg, Marcus"]
[Result "1-0"]
[WhiteElo "2142"]
[BlackElo "1998"]
[PlyCount "93"]
[EventDate "2022.??.??"]
[SourceVersionDate "2020.03.16"]
[WhiteTeam "Kölner SK Dr. Lasker 1"]
[BlackTeam "SF Essen-Werden 1"]

1. Nf3 Nf6 2. b3 d5 3. e3 e6 4. d4 Bb4+ 5. c3 Bd6 6. Nbd2 O-O 7. Bb2 a5 8. Bd3
a4 9. e4 a3 10. Bc1 dxe4 11. Nxe4 Nxe4 12. Bxe4 f5 13. Bd3 c5 14. O-O cxd4 15.
cxd4 Nc6 16. Bc4 Na5 17. Bd3 b6 18. Re1 Re8 19. Bb5 Bd7 20. Bg5 Be7 21. Bxd7
Qxd7 22. Bxe7 Qxe7 23. Qe2 Qb4 24. Rac1 Rad8 25. h4 h6 26. Qe5 Qd6 27. Qb5 Rc8
28. b4 Nb7 29. Qa6 Qd5 30. Rxc8 Rxc8 31. Qxa3 Nd6 32. Qa7 Rc2 33. Qd7 Ne4 34.
Qe8+ Kh7 35. h5 Qxa2 36. Qg6+ Kg8 37. Ne5 Rxf2 38. Nd7 Qa8 39. Qxe6+ Kh7 40.
Rxe4 Rxg2+ 41. Kxg2 fxe4 42. Kf2 Kh8 43. Qf7 e3+ 44. Kxe3 Qa3+ 45. Ke4 Qb2 46.
Qe8+ Kh7 47. Nf8+ 1-0

[Event "SF Essen-Werden 1 - Kölner SK Dr. Lask"]
[Site "NRW-Liga - Gruppe 1 2021/2022"]
[Date "2022.01.30"]
[Round "5.4"]
[White "Huette, Stefan"]
[Black "Pawelzik, Malte"]
[Result "0-1"]
[WhiteElo "2008"]
[BlackElo "2152"]
[Annotator "daniel"]
[PlyCount "100"]
[EventDate "2022.??.??"]
[SourceVersionDate "2020.03.16"]
[WhiteTeam "SF Essen-Werden 1"]
[BlackTeam "Kölner SK Dr. Lasker 1"]

1. e4 e6 2. d4 d5 3. exd5 exd5 4. Bd3 Nc6 5. c3 Bd6 6. Ne2 Nge7 7. Bf4 Bf5 8.
Bxd6 Qxd6 9. Qc2 Bxd3 10. Qxd3 O-O 11. O-O Nd8 12. Nd2 Ne6 13. Rfe1 g6 14. Nf3
Nf5 15. Ng3 $11 Nfg7 16. Qd2 b6 17. Ng5 Qf4 18. Qxf4 Nxf4 19. Rad1 f6 20. Nf3
Kf7 21. Ne2 Nfe6 22. g3 Nf5 23. Nc1 Nd6 24. Nd2 a5 25. Re2 Rfe8 26. Rde1 c5 27.
dxc5 bxc5 28. f3 Rab8 29. b3 Nb5 30. c4 Nc3 31. Rf2 d4 32. Ne4 Nxe4 33. Rxe4
Ng5 34. Rxe8 Rxe8 35. Kg2 Re3 36. h4 Ne6 37. Rd2 g5 38. h5 Ke7 39. Nd3 Kd6 40.
Nf2 f5 41. Nd1 Re1 42. Nc3 Nc7 43. Nb5+ Nxb5 44. cxb5 a4 45. bxa4 Rb1 46. Kf2
Kd5 47. Ke2 c4 48. Rd1 d3+ 49. Ke1 Rb4 50. Kd2 Kd4 0-1

[Event "SF Essen-Werden 1 - Kölner SK Dr. Lask"]
[Site "NRW-Liga - Gruppe 1 2021/2022"]
[Date "2022.01.30"]
[Round "5.5"]
[White "Cramer, Volker"]
[Black "Claussen, Uwe"]
[Result "1/2-1/2"]
[WhiteElo "2082"]
[BlackElo "1973"]
[PlyCount "153"]
[EventDate "2022.??.??"]
[SourceVersionDate "2020.03.16"]
[WhiteTeam "Kölner SK Dr. Lasker 1"]
[BlackTeam "SF Essen-Werden 1"]

1. d4 Nf6 2. Bg5 d5 3. Bxf6 exf6 4. e3 c6 5. g3 Qb6 6. b3 Bf5 7. c3 Bxb1 8.
Rxb1 f5 9. Qc2 g6 10. Bg2 Nd7 11. Ne2 Bg7 12. O-O O-O 13. c4 Nf6 14. Nc3 Rfd8
15. Rfc1 Rd7 16. b4 Qd8 17. b5 cxb5 18. Rxb5 a6 19. Rb2 Rc8 20. c5 Qa5 21. Na4
Rcc7 22. Nb6 Rd8 23. Qb3 Ne4 24. Nxd5 Rxc5 25. Rxc5 Qe1+ 26. Bf1 Nxc5 27. Qc3
Qa1 28. Ne7+ Kh8 29. Qa5 Re8 30. Rc2 Ne6 31. Nd5 Ng5 32. Kg2 Qd1 33. Qc5 Bf8
34. Qc4 Qf3+ 35. Kg1 b5 36. Qc6 Re6 37. Qc8 Kg7 38. Nf4 Rd6 39. h4 Ne6 40. Nd3
Rd8 41. Qxa6 Bd6 42. Ne1 Qd1 43. Qa5 Qb1 44. Qd2 Ba3 45. Nd3 g5 46. Rc3 Ra8 47.
Rb3 Qa1 48. Qc3 Qxc3 49. Rxc3 gxh4 50. gxh4 Be7 51. Rc2 Bxh4 52. Ne5 b4 53. Nc6
f4 54. d5 fxe3 55. fxe3 Nd8 56. Nxb4 Ra3 57. e4 Bg3 58. Bc4 Bd6 59. Nd3 f6 60.
Bb3 h5 61. Rc8 Nf7 62. Rc6 Ra5 63. Kg2 Kg6 64. Nb2 Rc5 65. a3 f5 66. Bc2 fxe4
67. Bxe4+ Kf6 68. Nc4 Rxc6 69. dxc6 Ke7 70. Bg6 Ne5 71. Nxe5 Bxe5 72. Bxh5 Kd8
73. Kf3 Bd4 74. Ke4 Bg1 75. Kd5 Kc7 76. Be8 Bf2 77. Kc4 1/2-1/2

[Event "SF Essen-Werden 1 - Kölner SK Dr. Lask"]
[Site "NRW-Liga - Gruppe 1 2021/2022"]
[Date "2022.01.30"]
[Round "5.6"]
[White "Rehfeldt, Jens"]
[Black "Wiekert, Martin"]
[Result "0-1"]
[WhiteElo "1977"]
[BlackElo "2289"]
[Annotator "daniel"]
[PlyCount "92"]
[EventDate "2022.??.??"]
[SourceVersionDate "2020.03.16"]
[WhiteTeam "SF Essen-Werden 1"]
[BlackTeam "Kölner SK Dr. Lasker 1"]

1. e4 d6 2. Nc3 Nf6 3. Bc4 e5 4. d3 Be7 5. f4 Nc6 6. Nf3 Bg4 7. Bb5 exf4 8.
Bxc6+ bxc6 9. Bxf4 O-O 10. h3 Bh5 11. O-O Rb8 12. Rb1 Nd7 13. g4 Bg6 14. Qe1
Re8 15. Qg3 Bf6 16. Nd1 Ne5 17. Nxe5 Bxe5 18. b3 Bxf4 19. Qxf4 d5 20. Nf2 Re6
21. Rbe1 Qe7 22. Re2 Re8 23. Rfe1 f6 24. Kf1 Re5 25. Qf3 d4 26. a4 h5 27. Kg2
$11 Qe6 28. Rg1 Rg5 29. Kf1 Qd6 30. Qg3 Kf7 31. Ke1 Rh8 32. h4 Qxg3 33. Rxg3
Re5 34. g5 fxg5 35. hxg5 h4 36. Rg1 Bh5 37. Rd2 Ke7 38. Nh3 Rf8 39. Rf2 Rxf2
40. Kxf2 Rc5 41. c4 dxc3 42. d4 c2 43. Rc1 Rc3 44. Ng1 Bd1 45. Ne2 Rxb3 46. Ke1
Re3 0-1

[Event "SF Essen-Werden 1 - Kölner SK Dr. Lask"]
[Site "NRW-Liga - Gruppe 1 2021/2022"]
[Date "2022.01.30"]
[Round "5.7"]
[White "Loseries, Uwe"]
[Black "Mohnke, Martin"]
[Result "1-0"]
[WhiteElo "2125"]
[BlackElo "1915"]
[PlyCount "47"]
[EventDate "2022.??.??"]
[SourceVersionDate "2020.03.16"]
[WhiteTeam "Kölner SK Dr. Lasker 1"]
[BlackTeam "SF Essen-Werden 1"]

1. d4 Nf6 2. c4 e6 3. Nf3 d5 4. Bg5 Bb4+ 5. Nbd2 dxc4 6. Qc2 b5 7. a4 c6 8. g3
Bb7 9. Bg2 Nbd7 10. O-O O-O 11. b3 cxb3 12. Nxb3 bxa4 13. Rxa4 a5 14. Ne5 Rc8
15. Nxd7 Qxd7 16. Bxf6 gxf6 17. Nxa5 Bxa5 18. Rxa5 Qxd4 19. Rd1 Qg4 20. Qb2 Ra8
21. Rc5 Qa4 22. Rdc1 Rfb8 23. Qxf6 Ra5 24. Qg5+ 1-0

[Event "SF Essen-Werden 1 - Kölner SK Dr. Lask"]
[Site "NRW-Liga - Gruppe 1 2021/2022"]
[Date "2022.01.30"]
[Round "5.8"]
[White "Mann, Gergely"]
[Black "Diesner, Michael"]
[Result "0-1"]
[WhiteElo "1910"]
[BlackElo "2040"]
[PlyCount "62"]
[EventDate "2022.??.??"]
[SourceVersionDate "2020.03.16"]
[WhiteTeam "SF Essen-Werden 1"]
[BlackTeam "Kölner SK Dr. Lasker 1"]

1. d4 Nf6 2. Bg5 c5 3. d5 e5 4. Nc3 d6 5. e4 Be7 6. Bd2 Nbd7 7. f4 exf4 8. Bxf4
a6 9. a4 Nf8 10. e5 dxe5 11. Bxe5 Ng6 12. Bg3 h5 13. h3 h4 14. Bh2 Bd6 15. Qe2+
Kf8 16. Bxd6+ Qxd6 17. O-O-O b5 18. a5 Rh5 19. Nf3 Bd7 20. Qf2 b4 21. Ne2 Rxd5
22. Rxd5 Qxd5 23. g4 Re8 24. Bg2 Ne4 25. Qf1 Qa2 26. Nd2 Qa1+ 27. Nb1 Qxa5 28.
Qf3 c4 29. Rd1 Qg5+ 30. Nd2 Nxd2 31. Rxd2 Rxe2 0-1

[Event "Düsseldorfer SK 2 - Langenfelder SF 1"]
[Site "NRW-Liga - Gruppe 1 2021/2022"]
[Date "2022.01.30"]
[Round "5.1"]
[White "Stoeber, Michael"]
[Black "Harff, Marcel"]
[Result "1/2-1/2"]
[WhiteElo "2180"]
[BlackElo "2341"]
[PlyCount "46"]
[EventDate "2022.??.??"]
[SourceVersionDate "2020.03.16"]
[WhiteTeam "Langenfelder SF 1"]
[BlackTeam "Düsseldorfer SK 2"]

1. Nf3 d5 2. c4 d4 3. e3 Nc6 4. Nxd4 Nxd4 5. exd4 Qxd4 6. Nc3 c6 7. d3 Bg4 8.
Be2 Bxe2 9. Qxe2 Rd8 10. Be3 Qxd3 11. Bxa7 Qxe2+ 12. Kxe2 Nf6 13. Bb6 Ra8 14.
Rhd1 e6 15. Rd3 Be7 16. Rad1 O-O 17. a3 Rfc8 18. g4 h6 19. f4 g5 20. fxg5 hxg5
21. h3 Kg7 22. Bd4 Kg6 23. Be5 Ra5 1/2-1/2